| 000 | 00343nam a22001337a 4500 | ||
|---|---|---|---|
| 999 |
_c169245 _d169245 |
||
| 082 |
_a _b |
||
| 100 | _aParker Robert Dale | ||
| 245 |
_aHow to interpret literature critical theory for literary and cultural studies/ _cby Parker Robert Dale. |
||
| 260 |
_a _bOxford, _c2008. |
||
| 300 | _a319p. | ||
| 650 | _a | ||
| 700 | _a | ||
| 942 | _cBK | ||